| 000 | | | 03706nmc2a22002413x 450 |
| 001 | | | 234c7bdc-0127-48a6-8248-84c0e0fe6286 |
| 005 | | | 20251102212730.0 |
| 100 | ## | $a | 20250701l18981898k l0rusy0189 ca |
| 101 | 0# | $a | rus |
| 102 | ## | $a | RU |
| 105 | ## | $a | y### |
| 122 | 2# | $a | d |
| 200 | 1# | $a | Дело о представляющихся его величеству государю императору гражданских и военных чинах, а также некоторых иностранных подданных в приемные дни за май, июнь, июль, август и декабрь |
| | $j | 25 апреля - 24 декабря 1898 г. |
| | $h | Том 3 |
| 215 | ## | $a | 474 л. |
| | $d | 36,5х26 см |
| 251 | ## | $c | Дело |
| 300 | ## | $a | На бланке обложки указано: "Экспедиции церемониальных дел; №19" |
| 371 | ## | $a | Документ не является опубликованным и широко распространяемым |
| 461 | #0 | $1 | 0011beca410-31e9-4f28-916a-592ca9443f69 |
| | $1 | 2001 |
| | $a | Церемониальная часть Министерства императорского двора |
| | $1 | 251 |
| | $c | Фонд |
| | $1 | 852 |
| | $j | 473 |
| 462 | #0 | $1 | 001a54d7da2-27dc-4d4e-832c-8830aaafd738 |
| | $1 | 2001 |
| | $a | Церемониальная часть Министерства императорского двора |
| | $1 | 251 |
| | $c | Опись |
| | $1 | 852 |
| | $j | 3 |
| 801 | #0 | $a | RU |
| | $b | РГИА |
| | $c | 20250701 |
| | $g | RCR |
| 801 | #1 | $a | RU |
| | $b | ГлавНИВЦ |
| | $c | 20250701 |
| | $2 | rusmarc |
| 801 | #2 | $a | RU |
| | $b | ПБ им. Б.Н. Ельцина |
| | $c | 20251102 |
| | $g | RCR |
| | $2 | rusmarc |
| 850 | ## | $a | РГИА |
| 852 | ## | $a | РГИА |
| | $e | Федеральное казенное учреждение "Российский государственный исторический архив" (РГИА) |
| | $j | 977 |
| 937 | ## | $h | РГИА |
| | $d | 12427197 |
| | $a | ASBIBLIO_SCAN |
| 035 | ## | $a | RusGRCC00087048 |
| 856 | ## | $u | http://readingroom.main.prlib.ru/item.aspx?id_node=n198887111&mode=full |